Si Estuviésemos Juntos - Bad Bunny - Estadísticas

Estadísticas generales
  • Esta prueba ha sido intentada 103 veces
  • La puntuación promedio es 198 de 241
Estadísticas de respuestas
Letra % Correcto
a
98%
A
98%
es
96%
si
96%
Si
96%
Y
96%
y
96%
estuviésemos
95%
hubiera
95%
juntos,
95%
me
95%
pa'
95%
pasado
95%
qué
95%
que
95%
tu
95%
95%
95%
aún
93%
En
93%
en
93%
enamorados
93%
No
93%
no
93%
pregunto
93%
93%
se
93%
te
93%
Te
93%
yo
91%
la
89%
La,
89%
el
88%
El
88%
lo'
88%
lo
88%
de
86%
De
86%
está
86%
86%
otra
86%
Todavía
86%
va
86%
vas
86%
con
84%
los
84%
quiero
84%
boca
82%
estos
82%
momentos,
82%
momentos
82%
tiempo
82%
tiempo'
82%
Aunque
80%
besando
80%
fueron
80%
tus
80%
volver
80%
foto
79%
olvidaron
79%
ojos
77%
primero
77%
ya
77%
al
75%
extraño
75%
joder
75%
Pero
75%
polvo'
75%
polvo
75%
posterior
75%
tengo
75%
bailando
73%
como
73%
edad
73%
guarda'
73%
Navidad
73%
pensamientos
73%
puede
73%
sabe'
73%
su
73%
verda'
73%
14
71%
anterior
71%
digo
71%
espero
71%
juro
71%
la'o
71%
mejor
71%
menore'
71%
para
71%
amar
70%
Cada
70%
cuando
70%
éramo'
70%
eso
70%
he
70%
podido
70%
Ahora
68%
ninguna
68%
paso
68%
putero,
68%
superior
68%
trastorna'o
68%
Desde
66%
ese
66%
fuiste
66%
persona
66%
siento
66%
trata'o
66%
borrar
64%
parte
64%
piel,
64%
por
64%
sigo
64%
Escuchando
61%
interior
61%
ropa
61%
carro
59%
cual
57%
Siempre
57%
Del
55%
baby,
50%
down
50%
dejaba
48%
vuelta',
46%
dando
45%
marea'o
45%
yeh
43%
Yeh
43%
Brown
38%
cerebro
38%
Chris
38%
Masterpiece,
30%
Deuces
16%
Ñengo
16%
No se encontraron pruebas coincidentes
Distribución de puntuación
Porcentaje de gente con cada puntuación
Porcentaje por número respondido
Historial de tus puntuaciones
No has intentado esta prueba.